| Tag |
First Indicator |
Second Indicator |
Subfields |
| LEADER |
00000cam a2200000Ia 4500 |
| 001 |
in00002596521 |
| 005 |
20151201153141.0 |
| 008 |
840521s1745 mx a 000 0 spa d |
| 035 |
|
|
|a (OCoLC)ocm81687409
|
| 035 |
|
|
|a (OCoLC)81687409
|
| 040 |
|
|
|a COCSL
|c SUTRO
|d TEF
|d TXA
|d UtOrBLW
|
| 049 |
|
|
|a TXAM
|
| 090 |
|
|
|a BX2159.P3
|b P36 1745
|
| 100 |
1 |
|
|a Parrales y Guerrero, Manuel Cayetano.
|
| 245 |
1 |
0 |
|a Convite sagrado a las almas devotas para que acompañen â Jesús en los tormentos que padeció el día sacratíssimo de su passión con la corona de espinas que pusieron en su santíssima cabeza /
|c dispuesto por Manuel Cayetano Parrales y Guerrero.
|
| 264 |
|
1 |
|a México :
|b Viuda de Joseph de Hogal,
|c 1745.
|
| 300 |
|
|
|a 16 unnumbered pages :
|b illustrations ;
|c 10 cm.
|
| 336 |
|
|
|a text
|b txt
|2 rdacontent
|
| 337 |
|
|
|a unmediated
|b n
|2 rdamedia
|
| 338 |
|
|
|a volume
|b nc
|2 rdacarrier
|
| 500 |
|
|
|a The Cushing Library/Colonial Mexican Imprint Collection copy is bound with: Exercicios de desagravios de Christo / Nicolas de Espindola. [Mexico : Felipe de Zuniga y Ontiveros, 1772]--Exercicio de la Buena Muerte. [Mexico : Imprenta de la Bibliotheca Mexicana, 1759]--Ofrecimiento devoto de las cinco preciosissimas llagas de N. Sr. Jesu-Christo / Manuel de Leca. [Mexico : Joseph de Jauregui, 1776]--Diario quadragesimal y desagravios de Christo para el santo tiempo de la Quaresma / Nicolas de Espindola. [Mexico : Viuda de D. Joseph Bernardo de Hogal, 1747]--Via dolorosa / Nicolas de Espindola. [Mexico : Imprenta de la Bibliotheca Mexicana, 1755]--Modo de acompaqnar a Jesus en la noche del jueves de su passion en sus dolorosas estaciones / Nicolas de Espindola. [Mexico : Viudad de Joseph Bernardo Hogal, 1747]--Practica para andar las estaciones de la Semana Santa. [Mexico : Oficina de los herederos del Lic. D. Joseph de Jauregui, 178-?]--Ofrecimiento de la corona de los desagravios de Nuestra Senora. [Mexico : Impr. de los herederos de Joseph de Jauregui, 1764]--Ofrecimientos para el Rossario de Quinze Mysterios que se hade rezar el dia de los dolores de Nuestra Senora la Virgin Maria / Sister Juana Ines de la Cruz. [Mexico : Impr. Nueva de Philipe de Zuniga y Ontiveros, 1767]--Ternario y dolorosos exercicios a las melancolicas horas / Juan Abreu. [Mexico : Maria de Rivera, 1749]--Desagravio de la iniqua venta. [Mexico : Herederos de Joseph de Jauregui, 1779]--Piadoso y devoto exercicio para desagraviar a la Magestad de Jesu-Christo / Manuel Cayetano Parrales y Guerrero. [Mexico : Viuda de Joseph Bernardo de Hogal, 1742]--Mystica toalla / Jose Manuel Garcia del Valle y Araujo. [Mexico : Joseph Bernardo de Hogal, 1729]--Desagravios de Jesus / Nicolas de Espindola. [Mexico : Herederos de Dona Maria de Rivera, 1765]--Compassiva y tierna memoria de las burla y ultrajes que padecio JesuChristo en la casa de Herodes. [Mexico : Maria de Rivera, 1743]--Meditacion piadosa para considerar a Jesu-Christo. [Mexico : Viudad de Joseph Bernardo de Hogal, 1742]--Las tres caidas que dio la Magestad de Christo en el camino del Monte Calvario puestas a la consideracion de las almas devotos / Manuel Cayetanos Parrales y Guerrero. [Mexico : Imprenta de Phelipe Zuniga y Ontiveros, 17--?]--Tiernas memorias de las siete palabras que Christo crucificado dixo en el arbol santo de la Cruz. Mexico : Impr. de los herederos de Dona Maria de Ribera, 1766]--Triduo devoto de las tiernas necesidades que padecfio Maria Santissima. Mexico : Impr. de la Bibliotheca Mexicana, 1756]--Santo entierro de Jesu-Christo / Manuel Cayetano Parrales y Guerrero. [Mexico : Imprenta de la Viuda de Joseph Bernardo de Hogal, 1745]--Exercicio para una hora de las del viernes santo desde las tres de la tarde hasta las nueva del sabado santo. [Mexico : Impr. de la Bibliotheca Mexicana, 1778]--Placeme que la alma devota puede dar el Domingo de Pasqua a Maria Santissima Nuestra Senora / Nicolas de Espindola. [Mexico : Imprenta de los Herederos del Lic. D. Joseph de Jauregui, 1782].
|
| 600 |
0 |
0 |
|a Jesus Christ
|x Passion
|x Prayers and devotions
|v Early works to 1800.
|
| 948 |
|
|
|a cataloged
|b h
|c 2010/8/4
|d c
|e hgolay
|f 10:49:06 am
|
| 994 |
|
|
|a C0
|b TXA
|
| 999 |
|
|
|a MARS
|
| 999 |
f |
f |
|s 4ee64350-3fae-3a28-9d7f-7684d0a7bfaf
|i bf180a33-bb1d-394e-9a3d-8e8778ad0273
|t 0
|
| 952 |
f |
f |
|p noncirc
|a Texas A&M University
|b College Station
|c Cushing Memorial Library & Archives
|d Cushing: Colonial Mexican Imprints (Does not check out)
|t 0
|e BX2159.P3 E87 1772
|h Library of Congress classification
|i unmediated -- volume
|m A14851977323
|
| 952 |
f |
f |
|a Texas A&M University
|b College Station
|c Cushing Memorial Library & Archives
|d Cushing: Colonial Mexican Imprints (Does not check out)
|t 0
|e BX2159.P3 E87 1772
|h Library of Congress classification
|
| 998 |
f |
f |
|a BX2159.P3 E87 1772
|t 0
|l Cushing: Colonial Mexican Imprints (Does not check out)
|